LEADER 00878nam a2200193 i 4500 001 000000242043 003 CaOOAMICUS 005 20150526000000.0 008 150526s1764 it u000 u fre u 013 $a220948 026 $andas s,ir e-is gico (3) 1764 (R) 040 $aSeMil$bita 245 10$aOraisons funbres et professions religieuses. 300 $a[8], 551, [1] p. 500 $aSegn. : a4 A-Z12. 773 0 $aMassillon, Jean-Baptist $tSermons de M. Massillon, évêque de Clermont, ci-devant Prétre de l'Oratoire, ..$dA Paris : Chez les Frères Estienne, ruë Saint Jacques, à la Vertu ; Delalain, rue de la Comédie Françoise, 1760.$g7$w()31930 850 $aSeMil 852 $aSeMil$W1$xVenegono$y1$m3F I 449 FA$j192389$B192389$CSeMilBibl$Z2$F203229 $8I 996 $6245$aOraisons funbres et professions religieuses$9(OLS)http://semarc/title/343812 LEADER 00520nab a2200145 i 4500 001 000000310591 003 CaOOAMICUS 005 20180831173016.0 008 180831n xx uu u0 0und r 013 $a19683 040 $aSeMil$bita 100 1 $aDi Pietro, Salvatore.$0(OLS)http://semarc/name/47574 245 13$aIl problema sociale al cospetto della Dottrina Cattolica. 773 0 $t[Gennaio-Giugno].$g195-213,351-360$w()274030 996 $6245$aIl problema sociale al cospetto della Dottrina Cattolica$9(OLS)http://semarc/title/385350